Rhyming Pairs - Statistics

General Stats
  • This quiz has been taken 33 times
  • The average score is 9 of 15
Answer Stats
Clue Answer % Correct
Creates Pythons Makes Snakes
92%
Flintstone's collection of Skulls Fred's Heads
77%
Searches for Athenians Seeks Greeks
77%
Vends Water Holes Sells Wells
77%
Chucks Enemies Throws Foes
73%
Slaps head lice Hits Nits
62%
Bruce Banner's Mopes Hulk's Sulks
62%
Possesses Mobiles Owns Phones
62%
Tongues Twigs Licks Sticks
58%
Covertly watches some chips Spies Fries
58%
Predicted Polish City Foresaw Warsaw
54%
Chews Nylon Stockings Bites Tights
46%
Former Japanese Capital Picture Kyoto Photo
46%
Hands Spectacles Passes Glasses
46%
Whips Gears Flogs Cogs
27%
No matching quizzes found
Score Distribution
Percent of People with Each Score
Percentile by Number Answered
Your Score History
You have not taken this quiz